000 00265nam a2200109Ia 4500
001 588737
005 20250717120837.0
008 250717s9999 xx 000 0 und d
245 0 _aZ-1 DOĞURAN KAZAN
_cAHMET ÇELİK
260 _bERDEM YAYINLARI
_c2019
300 _b80
999 _c588737
_d588737